[Event "38th WCh U20 Girls"]
[Site "Cala Gonone ITA"]
[Date "2022.10.20"]
[Round "9.8"]
[White "Nurgali, Nazerke"]
[Black "Altantuya, Boldbaatar"]
[Result "1/2-1/2"]
[WhiteElo "2169"]
[BlackElo "2223"]
[EventDate "2022.10.12"]
[PlyCount "178"]

1.d4 Nf6 2.c4 e6 3.Nf3 Bb4+ 4.Bd2 a5 5.a3 Bxd2+ 6.Qxd2 d5 7.e3 O-O 8.Nc3 
b6 9.cxd5 exd5 10.Bd3 Ba6 11.O-O Bxd3 12.Qxd3 Re8 13.Rfd1 Nbd7 14.Rac1 c6 
15.Ne2 Rc8 16.Nf4 Qe7 17.Qb3 Ne4 18.Rc2 g5 19.Nd3 f6 20.Nd2 Nxd2 21.Rcxd2 
Qd6 22.Nc1 h5 23.Ne2 h4 24.Qd3 Kg7 25.Nc3 Qe6 26.Re2 f5 27.f3 Nf6 28.Rde1 
c5 29.e4 dxe4 30.fxe4 cxd4 31.Qxd4 Rc4 32.Qd2 f4 33.e5 Ng4 34.Ne4 Ne3 35.
Nd6 Rd8 36.Nf5+ Qxf5 37.Qxd8 Qxe5 38.Qd7+ Kf6 39.Rd2 Qe7 40.Qd3 Rc6 41.h3 
Kg7 42.Qd4+ Qf6 43.Qe4 Qe6 44.Qxe6 Rxe6 45.Rc1 Kg6 46.Rd8 Nf5 47.Kf2 Ng3 
48.Rcd1 Re2+ 49.Kf3 Re3+ 50.Kf2 Re2+ 51.Kg1 Rxb2 52.R8d2 Rb3 53.a4 Rb4 54.
Re1 Rxa4 55.Rd6+ Kf5 56.Rxb6 Ne4 57.Rb5+ Kg6 58.Rc1 Kh5 59.Rb6 Rb4 60.Rxb4
axb4 61.Rc4 Nf6 62.Rxb4 Nd5 63.Rd4 Nf6 64.Kf2 Kg6 65.Kf3 Kf5 66.Ra4 Nd7 
67.Ke2 Ne5 68.Rb4 Nc6 69.Rb7 Ne5 70.Rg7 Kf6 71.Rg8 Kf5 72.Rf8+ Ke4 73.Rf6 
Nd7 74.Rf7 Ne5 75.Rf8 Nc4 76.Rg8 Kf5 77.Kd3 Ne3 78.Rf8+ Ke5 79.Ra8 Nxg2 
80.Ra5+ Kf6 81.Ke4 Ne3 82.Ra6+ Kg7 83.Rc6 Kf7 84.Ke5 Kg7 85.Ke4 Kf7 86.Rd6
Kg7 87.Ra6 Kf7 88.Rc6 Kg7 89.Ra6 Kf7 1/2-1/2

[Event "38th WCh U20 Girls"]
[Site "Cala Gonone ITA"]
[Date "2022.10.20"]
[Round "9.9"]
[White "Kurmangaliyeva, Liya"]
[Black "Vanduyfhuys, Daria"]
[Result "1-0"]
[WhiteElo "2199"]
[BlackElo "2073"]
[EventDate "2022.10.12"]
[PlyCount "117"]

1.d4 Nf6 2.Nf3 e6 3.g3 d5 4.Bg2 c5 5.O-O Nc6 6.c4 dxc4 7.dxc5 Qxd1 8.Rxd1 
Bxc5 9.Nbd2 c3 10.bxc3 O-O 11.Nb3 Bb6 12.Ba3 Re8 13.Nfd4 Ne5 14.Nb5 Nc4 
15.Bc5 Bd7 16.Nd6 Nxd6 17.Bxb6 Nc4 18.Bc5 Bc6 19.Bxc6 bxc6 20.Rd4 Nb6 21.
Na5 Rac8 22.Rb1 Nfd5 23.Rb3 e5 24.Rd3 Na4 25.Bxa7 e4 26.Rd2 Rc7 27.c4 Ne7 
28.Bb8 Rcc8 29.Bd6 Nf5 30.c5 Red8 31.Nb7 Nxc5 32.Nxc5 Nxd6 33.a4 g6 34.Rb6
Kg7 35.Rd4 Nf5 36.Rxe4 Rd1+ 37.Kg2 Nd6 38.Re7 Rd5 39.Nd3 Kf8 40.Ra7 c5 41.
Rd7 Nc4 42.Rxd5 Nxb6 43.Rxc5 Rxc5 44.Nxc5 Ke7 45.a5 Nc4 46.a6 Kd6 47.a7 
Nb6 48.Na4 Na8 49.Kf3 Kc6 50.Ke4 Kb7 51.Ke5 Kxa7 52.Kf6 Ka6 53.Kxf7 Kb5 
54.Nc3+ Kc4 55.Ne4 Nc7 56.Ng5 h6 57.Ne6 Nb5 58.Kxg6 Nc3 59.Nf4 1-0

[Event "38th WCh U20 Girls"]
[Site "Cala Gonone ITA"]
[Date "2022.10.20"]
[Round "9.10"]
[White "Goltseva, Ekaterina"]
[Black "Bucur, Denisa-Andreea"]
[Result "1-0"]
[WhiteElo "2300"]
[BlackElo "1946"]
[EventDate "2022.10.12"]
[PlyCount "87"]

1.d4 Nf6 2.c4 g6 3.Nc3 Bg7 4.e4 O-O 5.Nf3 d6 6.Be2 Na6 7.O-O e5 8.Be3 c6 
9.dxe5 dxe5 10.Qxd8 Rxd8 11.h3 Nh5 12.Rfd1 Re8 13.a3 Nf4 14.Bf1 Nc7 15.b4 
f5 16.b5 Nfe6 17.Na4 f4 18.Bc1 c5 19.Bb2 Nd4 20.Nxc5 b6 21.Nxd4 bxc5 22.
Nc6 Bb7 23.Rd7 Bxc6 24.Rxc7 Bxe4 25.Rxc5 Bf5 26.f3 Rac8 27.Rxc8 Rxc8 28.a4
Rd8 29.Re1 Kf7 30.c5 Bc2 31.Bxe5 Bxe5 32.Rxe5 Rd1 33.Kf2 Bxa4 34.Re4 Rd2+ 
35.Ke1 Rd1+ 36.Ke2 Ra1 37.Rxf4+ Ke6 38.Kf2 Bb3 39.Re4+ Kd5 40.c6 Rc1 41.
Re7 a5 42.bxa6 Kxc6 43.Rxh7 Ra1 44.Bd3 1-0

[Event "38th WCh U20 Girls"]
[Site "Cala Gonone ITA"]
[Date "2022.10.20"]
[Round "9.11"]
[White "Ouellet, Maili-Jade"]
[Black "Pipia, Ekaterine"]
[Result "1-0"]
[WhiteElo "2177"]
[BlackElo "1926"]
[EventDate "2022.10.12"]
[PlyCount "111"]

1.d4 d5 2.c4 e6 3.Nc3 Nf6 4.cxd5 exd5 5.Bg5 Be7 6.e3 O-O 7.Bd3 h6 8.Bh4 
Re8 9.Qc2 c6 10.Nge2 Nbd7 11.O-O Nh5 12.Bxe7 Qxe7 13.Rab1 a5 14.a3 Nb6 15.
b4 axb4 16.axb4 Bd7 17.Rfc1 Rec8 18.Re1 Ra3 19.Rb3 Rxb3 20.Qxb3 Qg5 21.b5 
Bh3 22.Ng3 Nxg3 23.hxg3 Be6 24.bxc6 Rxc6 25.Ra1 Qd8 26.Kh2 g6 27.Ne2 Qc8 
28.Nf4 Bf5 29.Be2 Be4 30.Ra5 g5 31.Nd3 Nc4 32.Rb5 Nd6 33.Rb6 Bxd3 34.Bxd3 
Rxb6 35.Qxb6 Qc6 36.Qd8+ Kg7 37.Qe7 b5 38.Qe5+ Kg8 39.Qf6 Qc3 40.Bb1 Qb4 
41.Ba2 Nc4 42.Qd8+ Qf8 43.Qxd5 Nd6 44.e4 b4 45.e5 Nf5 46.Bb3 Ne7 47.Qf3 
Ng6 48.Qf6 Qg7 49.Qb6 h5 50.Qxb4 h4 51.g4 Kh7 52.Qb7 f6 53.Bf7 Nf4 54.Qe4+
Kh6 55.e6 Nxe6 56.Qxe6 1-0

[Event "38th WCh U20 Girls"]
[Site "Cala Gonone ITA"]
[Date "2022.10.20"]
[Round "9.12"]
[White "Sebastian, Mhage Gerriahlou"]
[Black "Radikovic, Anamarija"]
[Result "1-0"]
[WhiteElo "1865"]
[BlackElo "2112"]
[EventDate "2022.10.12"]
[PlyCount "109"]

1.d4 Nf6 2.Nf3 g6 3.c4 Bg7 4.Nc3 d6 5.e4 Bg4 6.Be2 Nc6 7.Be3 e5 8.d5 Bxf3 
9.Bxf3 Nd4 10.Bxd4 exd4 11.Qxd4 O-O 12.O-O Re8 13.Qd2 Nd7 14.Rae1 Qf6 15.
Nb5 Rec8 16.Bg4 Rd8 17.Bxd7 Rxd7 18.Re2 a6 19.Nc3 b5 20.cxb5 axb5 21.a3 
Rb8 22.Na2 Re7 23.Nb4 Ree8 24.Nc6 Ra8 25.Qd3 Ra4 26.f3 Rc4 27.b3 Qc3 28.
Qxc3 Rxc3 29.Rb1 f5 30.a4 bxa4 31.bxa4 Ra3 32.a5 Bc3 33.Rb5 fxe4 34.Rxe4 
Ra8 35.Rb7 Bxa5 36.Nxa5 R3xa5 37.Rxc7 Rxd5 38.Ree7 Rh5 39.h3 Ra1+ 40.Kh2 
Ra8 41.g4 Rc5 42.Rcd7 Rc3 43.Rg7+ Kf8 44.Rxh7 Ke8 45.Rxd6 Rxf3 46.Rh8+ Ke7
47.Rxa8 Kxd6 48.Ra6+ Ke5 49.Rxg6 Ra3 50.Rg5+ Kf4 51.Rf5+ Ke4 52.Kg2 Ra2+ 
53.Rf2 Ra3 54.h4 Rb3 55.h5 1-0

[Event "38th WCh U20 Girls"]
[Site "Cala Gonone ITA"]
[Date "2022.10.20"]
[Round "9.13"]
[White "Koubova, Anna Marie"]
[Black "Daniilidi, Dimitra Lydia"]
[Result "1-0"]
[WhiteElo "2089"]
[BlackElo "1498"]
[EventDate "2022.10.12"]
[PlyCount "119"]

1.d4 d5 2.Nf3 Bf5 3.g3 Nf6 4.Bg2 e6 5.O-O Be7 6.c4 O-O 7.Qb3 Nc6 8.c5 b6 
9.Qb5 Qd7 10.Nc3 bxc5 11.dxc5 Rab8 12.Qa6 Bxc5 13.Na4 Bb6 14.Bd2 Ne4 15.
Rac1 Nxd2 16.Nxd2 Nb4 17.Nxb6 axb6 18.Qa7 Rfc8 19.e4 dxe4 20.Nxe4 Qd4 21.
Ng5 Qf6 22.Ne4 Bxe4 23.Bxe4 c6 24.a3 Nd5 25.Rxc6 Qxb2 26.Rb1 Qd4 27.Bxd5 
Qxd5 28.Rxc8+ Rxc8 29.Qxb6 h6 30.a4 Ra8 31.Qb5 Qxb5 32.axb5 Rb8 33.Kf1 Kf8
34.Ke2 Ke7 35.Kd3 Kd6 36.Kc4 e5 37.Rd1+ Kc7 38.Kc5 f6 39.Rd2 Rb7 40.Rb2 
Rb6 41.Ra2 Kb7 42.Rd2 Re6 43.Rd7+ Kc8 44.Rxg7 f5 45.Rf7 f4 46.gxf4 exf4 
47.Rxf4 Rg6 48.Rf8+ Kb7 49.Rf7+ Kc8 50.f4 Rg2 51.h4 Rg4 52.h5 Rg8 53.Kc6 
Re8 54.Rf6 Rh8 55.f5 Kb8 56.Kb6 Ka8 57.Ka6 Kb8 58.b6 Ka8 59.b7+ Kb8 60.Rc6
1-0

[Event "38th WCh U20 Girls"]
[Site "Cala Gonone ITA"]
[Date "2022.10.20"]
[Round "9.14"]
[White "Le Thuy An"]
[Black "Malicka, Maria"]
[Result "0-1"]
[WhiteElo "1728"]
[BlackElo "2327"]
[EventDate "2022.10.12"]
[PlyCount "78"]

1.e4 c5 2.Nf3 d6 3.d4 cxd4 4.Nxd4 Nf6 5.Nc3 a6 6.Bg5 Nbd7 7.f4 Qc7 8.Qf3 
h6 9.Bxf6 Nxf6 10.f5 Qc5 11.O-O-O g5 12.Be2 Bg7 13.Nb3 Qe5 14.g4 b5 15.a3 
Bb7 16.Bd3 Rc8 17.h3 Kf8 18.Qe3 Ne8 19.Qb6 Rc7 20.Na5 Qc5 21.Qxc5 dxc5 22.
Nxb7 Rxb7 23.Nd5 Be5 24.c3 Kg7 25.Kc2 Nd6 26.Kb1 a5 27.Rhf1 h5 28.Bc2 Nc4 
29.Bd3 hxg4 30.Bxc4 bxc4 31.Ne3 Bxc3 32.Nxc4 gxh3 33.Rh1 Bd4 34.Rd3 g4 35.
Rg3 Rh4 36.Rh2 a4 37.Kc2 Rb3 38.Rxb3 axb3+ 39.Kxb3 g3 0-1

[Event "38th WCh U20 Girls"]
[Site "Cala Gonone ITA"]
[Date "2022.10.20"]
[Round "9.15"]
[White "Levitan, Ronit"]
[Black "Gomez Barrera, Javiera Belen"]
[Result "1-0"]
[WhiteElo "2024"]
[BlackElo "2219"]
[EventDate "2022.10.12"]
[PlyCount "193"]

1.e4 e5 2.Nf3 Nc6 3.Nc3 Nf6 4.Bb5 Bd6 5.d3 h6 6.a3 O-O 7.Rg1 a6 8.Bc4 b5 
9.Ba2 b4 10.axb4 Bxb4 11.Bd2 d6 12.h3 Be6 13.g4 Bxa2 14.Nxa2 Bxd2+ 15.Qxd2
Nh7 16.Nc3 Ng5 17.Nxg5 hxg5 18.Ne2 a5 19.Kf1 g6 20.h4 gxh4 21.Qh6 Qf6 22.
Rh1 Rfb8 23.Rxh4 Qg7 24.Qc1 Kf8 25.Kg2 Ke7 26.Rh1 Rh8 27.Qd2 Rab8 28.b3 
Rbf8 29.Nc3 Kd7 30.Nd5 f6 31.f3 Qf7 32.Raf1 Qe6 33.Rxh8 Rxh8 34.Rh1 Rxh1 
35.Kxh1 Qf7 36.Kg2 f5 37.g5 f4 38.Nf6+ Kc8 39.Qe1 Kb7 40.Qc3 Nb4 41.Kg1 c6
42.Qd2 Qc7 43.Kf1 Qb6 44.Ng4 Qc5 45.c3 Na6 46.Kg2 Qb5 47.d4 exd4 48.Qxd4 
Qxb3 49.Qxd6 a4 50.e5 Nc7 51.Nf2 a3 52.Nd3 Ne6 53.Nb4 Qxc3 54.Qxe6 Qxb4 
55.Qd7+ Kb6 56.Qd8+ Kb5 57.Qb8+ Kc4 58.Qxb4+ Kxb4 59.e6 a2 60.e7 a1=Q 61.
e8=Q Qa2+ 62.Kh3 Qd5 63.Qb8+ Kc3 64.Qxf4 Kd3 65.Kg3 c5 66.Qc1 Qe5+ 67.f4 
Qe2 68.Qxc5 Qe1+ 69.Qf2 Qe3+ 70.Qf3 Kd4 71.Kg4 Qg1+ 72.Qg3 Qd1+ 73.Qf3 
Qg1+ 74.Kh3 Qb1 75.Kg2 Qf5 76.Kf2 Qc2+ 77.Kg3 Qf5 78.Qd1+ Kc4 79.Qe2+ Kd4 
80.Qb2+ Kc4 81.Qa2+ Kb4 82.Qd2+ Kc4 83.Qd6 Kb3 84.Qe5 Qd3+ 85.Kf2 Kb4 86.
Qe7+ Ka4 87.Qe3 Qf5 88.Qd4+ Kb3 89.Qe5 Qc2+ 90.Kf3 Qd1+ 91.Ke4 Qe2+ 92.Kd5
Qc4+ 93.Kd6 Qb4+ 94.Ke6 Qf8 95.Qd6 Qf5+ 96.Ke7 Ka4 97.Qd7+ 1-0

[Event "38th WCh U20 Girls"]
[Site "Cala Gonone ITA"]
[Date "2022.10.20"]
[Round "9.16"]
[White "Gombocz, Zsofia"]
[Black "Skaslien, Ingrid"]
[Result "1-0"]
[WhiteElo "2118"]
[BlackElo "1909"]
[EventDate "2022.10.12"]
[PlyCount "103"]

1.e4 e6 2.d4 d5 3.Nd2 c5 4.exd5 Qxd5 5.dxc5 Bxc5 6.Ngf3 Nc6 7.Bc4 Qd7 8.
Qe2 a6 9.Ne4 Be7 10.Bf4 Nd4 11.Nxd4 Qxd4 12.c3 Qb6 13.Rd1 Nf6 14.Nd6+ Bxd6
15.Bxd6 Qc6 16.f3 b5 17.Bb3 a5 18.Qe5 a4 19.Bc2 Bb7 20.O-O h5 21.Ba3 Nd5 
22.Be4 O-O-O 23.c4 bxc4 24.Rc1 Qb6+ 25.Kh1 Ba6 26.b3 axb3 27.axb3 Qxb3 28.
Be7 Qb8 29.Qa1 Rd6 30.Bxd6 Qxd6 31.Qxg7 Rd8 32.Rfd1 Qf4 33.Qd4 Qe3 34.Qxe3
Nxe3 35.Rxd8+ Kxd8 36.Re1 Nd5 37.g4 h4 38.Rd1 Ke7 39.Bxd5 exd5 40.Rxd5 Bb7
41.Re5+ Kd6 42.Re3 Kc5 43.Kg2 Kd4 44.Re7 Bd5 45.Kf2 Be6 46.Ke2 Bd5 47.f4 
c3 48.g5 Kc4 49.Kd1 h3 50.f5 Bf3+ 51.Kc2 Bh5 52.g6 1-0

[Event "38th WCh U20 Girls"]
[Site "Cala Gonone ITA"]
[Date "2022.10.20"]
[Round "9.17"]
[White "Aydin, Gulenay"]
[Black "Grozdanovic, Anastasia"]
[Result "1-0"]
[WhiteElo "2109"]
[BlackElo "1824"]
[EventDate "2022.10.12"]
[PlyCount "75"]

1.e4 c6 2.Nf3 d5 3.d3 Bg4 4.h3 Bxf3 5.Qxf3 e6 6.g3 Nf6 7.Bg2 Bc5 8.O-O O-O
9.Qe2 a5 10.a4 Qb6 11.Nd2 Na6 12.e5 Nd7 13.Kh2 Qc7 14.f4 f6 15.exf6 Rxf6 
16.Nf3 Bd6 17.d4 c5 18.Be3 Re8 19.c3 Nab8 20.Ne5 Nc6 21.Nxd7 Qxd7 22.dxc5 
Bb8 23.Bd4 Nxd4 24.cxd4 Rc8 25.b3 Qc7 26.h4 h6 27.Bh3 Kh8 28.Rae1 Rcf8 29.
Bxe6 g5 30.hxg5 hxg5 31.Rh1 Kg7 32.Qg4 Rh6+ 33.Kg2 Rfh8 34.Rxh6 Rxh6 35.
Re5 Rg6 36.Rxg5 Rxg5 37.Qxg5+ Kf8 38.Qg8+ 1-0

[Event "38th WCh U20 Girls"]
[Site "Cala Gonone ITA"]
[Date "2022.10.20"]
[Round "9.18"]
[White "Bashylina, Luisa"]
[Black "Simkunaite, Gabija"]
[Result "1-0"]
[WhiteElo "2073"]
[BlackElo "2014"]
[EventDate "2022.10.12"]
[PlyCount "91"]

1.d4 d5 2.c4 e6 3.Nc3 Nf6 4.cxd5 exd5 5.Bg5 Be7 6.e3 O-O 7.Bd3 h6 8.Bh4 
Re8 9.Qc2 c6 10.Nge2 Nbd7 11.f3 b5 12.O-O Bb7 13.Rad1 a6 14.Bf2 c5 15.dxc5
Bxc5 16.Nd4 Ne5 17.Ncxb5 Rc8 18.Nc3 Bxd4 19.exd4 Nxd3 20.Qxd3 Qb6 21.b3 
Qa5 22.Rc1 Re6 23.Na4 Rxc1 24.Rxc1 Re8 25.Nc5 Bc8 26.Qc2 Nh5 27.g3 g6 28.
a4 Ng7 29.Qc3 Qd8 30.Nd3 Qg5 31.Nf4 Ne6 32.Qc6 Rd8 33.h4 Qf5 34.Nxd5 Rxd5 
35.Qe8+ Kg7 36.Rxc8 Kf6 37.Kg2 h5 38.Qh8+ Ke7 39.Re8+ Kd7 40.Rb8 Ke7 41.
Qe8+ Kf6 42.Rb7 Kg7 43.Rb8 Kf6 44.Qh8+ Ke7 45.Rb7+ Rd7 46.Qc8 1-0

[Event "38th WCh U20 Girls"]
[Site "Cala Gonone ITA"]
[Date "2022.10.20"]
[Round "9.19"]
[White "Aubert, Estee"]
[Black "Djidjeli, Sarah"]
[Result "1/2-1/2"]
[WhiteElo "2019"]
[BlackElo "2082"]
[EventDate "2022.10.12"]
[PlyCount "81"]

1.e4 c5 2.Nf3 Nc6 3.d4 cxd4 4.Nxd4 Nf6 5.Nc3 e5 6.Ndb5 d6 7.Bg5 a6 8.Na3 
b5 9.Nd5 Be7 10.Bxf6 Bxf6 11.c3 Ne7 12.Nxf6+ gxf6 13.Nc2 Bb7 14.Bd3 d5 15.
Qe2 f5 16.exf5 e4 17.f6 Nf5 18.g4 Nh4 19.O-O-O Qxf6 20.Nd4 O-O-O 21.Bc2 
Kb8 22.Qe3 Rhg8 23.Rhg1 Qg5 24.Qxg5 Rxg5 25.Rg3 Rd6 26.Rd2 Bc8 27.h3 h5 
28.gxh5 Rxh5 29.Rg8 Kc7 30.Rg7 Rf6 31.Bd1 Rh8 32.Rg5 Bb7 33.Bb3 Nf3 34.
Nxf3 Rxf3 35.Bxd5 Bxd5 36.Rgxd5 Rhxh3 37.Rd7+ Kc8 38.Rd8+ Kc7 39.R8d7+ Kc8
40.Rd8+ Kc7 41.R8d7+ 1/2-1/2

[Event "38th WCh U20 Girls"]
[Site "Cala Gonone ITA"]
[Date "2022.10.20"]
[Round "9.20"]
[White "Walter, Ema"]
[Black "Ortega Beltran, Ximena"]
[Result "1-0"]
[WhiteElo "2062"]
[BlackElo "1820"]
[EventDate "2022.10.12"]
[PlyCount "139"]

1.e4 c5 2.Nf3 g6 3.d4 cxd4 4.Qxd4 Nf6 5.Nc3 Nc6 6.Qa4 d6 7.e5 dxe5 8.Nxe5 
Bg7 9.Bb5 Bd7 10.Nxc6 bxc6 11.Bxc6 O-O 12.Bxd7 Nxd7 13.Be3 Qb8 14.Qb3 Qe5 
15.O-O-O Nb6 16.g3 Rab8 17.Bf4 Qc5 18.Bxb8 Rxb8 19.Rd3 Nd7 20.Qa3 Qxf2 21.
Qxe7 Qb6 22.Na4 Qc6 23.Rf1 Qxa4 24.Qxf7+ Kh8 25.Rxd7 Bxb2+ 26.Kd1 Qg4+ 27.
Rf3 Qh5 28.g4 Qh6 29.g5 Qh5 30.h4 Rg8 31.Qf4 Bg7 32.Kc1 h6 33.Rf7 hxg5 34.
hxg5 Qh1+ 35.Rf1 Qh3 36.Qf3 Qxf3 37.R1xf3 Ra8 38.Rb7 Bd4 39.Rh3+ Kg8 40.
Rh6 Rf8 41.Rxg6+ Kh8 42.Kd2 Re8 43.Kd3 Bb6 44.Rgxb6 axb6 45.Rxb6 Re5 46.c4
Rxg5 47.Rb5 Rg1 48.Rb7 Kg8 49.c5 Kf8 50.a4 Ke8 51.Kc4 Ra1 52.Kb5 Kd8 53.a5
Kc8 54.Rh7 Rc1 55.a6 Kb8 56.Kb6 Rb1+ 57.Kc6 Ka8 58.Rf7 Ra1 59.Kb6 Rb1+ 60.
Kc6 Ra1 61.a7 Rb1 62.Kd6 Rd1+ 63.Kc7 Ra1 64.Rf8+ Kxa7 65.Rf2 Ka6 66.c6 Rc1
67.Ra2+ Kb5 68.Kb7 Rh1 69.c7 Rh7 70.Kb8 1-0

[Event "38th WCh U20 Girls"]
[Site "Cala Gonone ITA"]
[Date "2022.10.20"]
[Round "9.21"]
[White "Malikova, Marjona"]
[Black "Cassi, Elisa"]
[Result "0-1"]
[WhiteElo "1830"]
[BlackElo "1965"]
[EventDate "2022.10.12"]
[PlyCount "88"]

1.d4 d5 2.c4 e6 3.Nc3 Bb4 4.cxd5 exd5 5.Nf3 Nf6 6.Bg5 Qd6 7.Bxf6 Qxf6 8.
Qb3 Qd6 9.a3 Bxc3+ 10.Qxc3 c6 11.e3 Bf5 12.Bd3 Bxd3 13.Qxd3 Nd7 14.O-O O-O
15.b4 a6 16.Rfc1 f5 17.a4 f4 18.exf4 Rxf4 19.b5 c5 20.Ng5 Qh6 21.Qg3 Rxd4 
22.Re1 Nf8 23.bxa6 Rxa6 24.Re8 Qf6 25.Rae1 Rdxa4 26.h4 Ra1 27.Rxa1 Rxa1+ 
28.Kh2 Ra4 29.Kg1 Ra6 30.Qc7 h6 31.Nf3 Qd6 32.Qxb7 Ra1+ 33.Ne1 c4 34.Qb2 
Qf6 35.Qb5 Rd1 36.Qa4 Ra1 37.Qb5 Qf7 38.Kh2 Qf4+ 39.Kg1 Qf7 40.Kf1 c3 41.
Re2 Qf5 42.g4 Qf3 43.Kg1 c2 44.Kh2 Qf4+ 0-1

[Event "38th WCh U20 Girls"]
[Site "Cala Gonone ITA"]
[Date "2022.10.20"]
[Round "9.22"]
[White "Gabbani, Sara"]
[Black "Popovic, Mateja"]
[Result "1/2-1/2"]
[WhiteElo "1944"]
[BlackElo "1718"]
[EventDate "2022.10.12"]
[PlyCount "124"]

1.d4 d5 2.c4 e6 3.Nf3 c6 4.g3 Nf6 5.Bg2 Nbd7 6.O-O dxc4 7.a4 b5 8.Bg5 Bb7 
9.Qc2 Qc7 10.Nc3 Bb4 11.axb5 Bxc3 12.bxc6 Bxc6 13.bxc3 Be4 14.Qa4 O-O 15.
Bf4 Qc8 16.Ne5 Nb6 17.Qa3 Bxg2 18.Kxg2 Nfd5 19.Bd2 f6 20.Nf3 Qc6 21.Kg1 
Rfb8 22.Rfb1 a5 23.Qc5 Qxc5 24.dxc5 Nd7 25.Rxb8+ Nxb8 26.e4 Nc7 27.Kf1 Kf7
28.Ke2 e5 29.Ra4 Nc6 30.Be3 Nb5 31.Kd2 Rd8+ 32.Kc2 Ke6 33.Nd2 Ncd4+ 34.
cxd4 exd4 35.Bf4 d3+ 36.Kc1 c3 37.Nb3 d2+ 38.Nxd2 cxd2+ 39.Bxd2 Rd4 40.
Rxd4 Nxd4 41.Be3 Nb5 42.Kc2 a4 43.h4 h6 44.Kd3 Kd7 45.f3 Kc6 46.Bf2 a3 47.
Kc2 a2 48.Kb2 Nc3 49.Bd4 Ne2 50.Bf2 Nc1 51.Be3 Ne2 52.g4 Nc3 53.Ka1 Na4 
54.Kxa2 Nxc5 55.g5 hxg5 56.hxg5 Kd6 57.gxf6 gxf6 58.Bd4 Nd7 59.Kb3 Ke6 60.
f4 f5 61.e5 Nf8 62.Kc4 Ng6 1/2-1/2

[Event "38th WCh U20 Girls"]
[Site "Cala Gonone ITA"]
[Date "2022.10.20"]
[Round "9.23"]
[White "Sala, Giulia"]
[Black "Saravanan, Durga"]
[Result "0-1"]
[WhiteElo "1869"]
[BlackElo "1736"]
[EventDate "2022.10.12"]
[PlyCount "112"]

1.e4 c5 2.Nf3 d6 3.d4 cxd4 4.Nxd4 Nf6 5.Nc3 a6 6.Be3 e5 7.Nb3 Be7 8.h3 Be6
9.f4 exf4 10.Bxf4 Nc6 11.Qe2 O-O 12.O-O-O Qc7 13.g4 g6 14.Bg2 Ne5 15.Nd5 
Bxd5 16.exd5 Nfd7 17.Nd4 Qc4 18.Qxc4 Nxc4 19.g5 Rac8 20.Rhe1 Nce5 21.h4 
Rfe8 22.Nf3 Nxf3 23.Bxf3 Nb6 24.Re3 Nc4 25.Rc3 f5 26.b3 Nb6 27.Rxc8 Nxc8 
28.c4 b6 29.b4 Rd8 30.Kc2 Rd7 31.Kb3 Rc7 32.a4 a5 33.Be3 Rb7 34.Rb1 Bd8 
35.Kc3 Ra7 36.Kd3 axb4 37.Rxb4 Ra5 38.Kc3 Kf7 39.Kb3 Ke8 40.Ka3 Kd7 41.Rb1
Kc7 42.h5 Kd7 43.hxg6 hxg6 44.Rh1 Ne7 45.Rh8 Ra7 46.Rxd8+ Kxd8 47.Bxb6+ 
Rc7 48.a5 Nc8 49.Bxc7+ Kxc7 50.Kb4 Na7 51.Bh5 gxh5 52.g6 Nc8 53.g7 Ne7 54.
Kb5 f4 55.a6 f3 56.c5 f2 0-1

[Event "38th WCh U20 Girls"]
[Site "Cala Gonone ITA"]
[Date "2022.10.20"]
[Round "9.24"]
[White "Ruiz Villalba, Andrea"]
[Black "Olde, Grete"]
[Result "0-1"]
[WhiteElo "1764"]
[BlackElo "1862"]
[EventDate "2022.10.12"]
[PlyCount "112"]

1.e4 e5 2.Nf3 Nc6 3.Bc4 Bc5 4.c3 Nf6 5.d3 d6 6.Nbd2 a6 7.Bb3 Ba7 8.h3 O-O 
9.O-O Ne7 10.Re1 Ng6 11.Nf1 Nh5 12.d4 Nhf4 13.dxe5 dxe5 14.Bxf4 exf4 15.
Qxd8 Rxd8 16.Ng5 Ne5 17.Rad1 Re8 18.Nh2 h6 19.Ngf3 Nc6 20.Nd4 Na5 21.Bc2 
b5 22.b4 Nc4 23.a4 Bd7 24.axb5 Bxb5 25.Nhf3 Bb6 26.h4 Nb2 27.Ra1 Rad8 28.
Ne2 Bd3 29.Ra2 Rxe4 30.Rxb2 Rxe2 31.Rxe2 Bxe2 32.Be4 Rd1+ 33.Kh2 Bxf2 34.
Rxe2 Bg3+ 35.Kh3 h5 36.Ne1 Rxe1 37.Rxe1 Bxe1 38.Bd3 Bxc3 39.Bxa6 Bxb4 40.
g4 fxg3 41.Kxg3 Be1+ 42.Kh3 f5 43.Bc8 g6 44.Bd7 c5 45.Bc6 Kg7 46.Bd5 Kf6 
47.Bc4 f4 48.Bd3 f3 49.Be4 f2 50.Bd3 g5 51.Bf1 gxh4 52.Kxh4 Ke5 53.Kxh5 
Kd4 54.Kg4 c4 55.Kf3 c3 56.Ke2 c2 0-1

[Event "38th WCh U20 Girls"]
[Site "Cala Gonone ITA"]
[Date "2022.10.20"]
[Round "9.25"]
[White "Mikic, Ivana"]
[Black "Ishvi, Aggarwal"]
[Result "1/2-1/2"]
[WhiteElo "1783"]
[BlackElo "1964"]
[EventDate "2022.10.12"]
[PlyCount "145"]

1.e4 e5 2.Nf3 Nc6 3.Bb5 a6 4.Ba4 Nf6 5.d3 d6 6.O-O g6 7.Re1 Bg7 8.c3 O-O 
9.Nbd2 Re8 10.Nf1 b5 11.Bb3 h6 12.Ne3 Na5 13.Bc2 c5 14.a4 Bb7 15.b3 d5 16.
exd5 Nxd5 17.Nxd5 Bxd5 18.Bb2 c4 19.dxc4 bxc4 20.b4 Nb7 21.Be4 Bxe4 22.
Rxe4 Qd3 23.Re3 Qxd1+ 24.Rxd1 Rad8 25.Rxd8 Rxd8 26.Kf1 Rd5 27.Re2 Nd6 28.
Rd2 Rd3 29.Ke2 f5 30.Ne1 Rxd2+ 31.Kxd2 Kf7 32.f3 h5 33.Nc2 Ke6 34.Ke2 Bh6 
35.Ne3 Bxe3 36.Kxe3 Nc8 37.a5 Kd5 38.g3 Nd6 39.Bc1 Nb5 40.Bd2 Nc7 41.Be1 
Kc6 42.Kd2 Nd5 43.Bf2 Kb5 44.Bc5 Ka4 45.Kc2 e4 46.fxe4 fxe4 47.Bd4 Ka3 48.
Bc5 Ka4 49.Bd4 Kb5 50.Bc5 Kc6 51.Kd2 Kd7 52.Bd4 Ke6 53.h3 Kf5 54.Be3 Ke5 
55.Bd4+ Kf5 56.Be3 Nc7 57.Bb6 Nb5 58.Be3 Na3 59.Kc1 Ke5 60.Kb2 Nb5 61.Kc2 
Kd5 62.Bf4 Na7 63.Kd2 Nc8 64.Be3 Ne7 65.Bg5 Nf5 66.g4 hxg4 67.hxg4 Nd6 68.
Ke3 Nb5 69.Bf6 Ke6 70.Bd4 Kd5 71.Bf6 Ke6 72.Bd4 Kd5 73.Bf6 1/2-1/2

[Event "38th WCh U20 Girls"]
[Site "Cala Gonone ITA"]
[Date "2022.10.20"]
[Round "9.26"]
[White "Norlamo, Sarabella"]
[Black "Badenhorst, Chloe"]
[Result "1-0"]
[WhiteElo "1946"]
[BlackElo "1687"]
[EventDate "2022.10.12"]
[PlyCount "163"]

1.e4 c5 2.Nf3 Nc6 3.Bb5 g6 4.Bxc6 dxc6 5.d3 Bg7 6.h3 Qc7 7.Nc3 e5 8.Be3 b6
9.a3 a5 10.O-O Ne7 11.Na4 h6 12.b4 Be6 13.bxc5 b5 14.Nb2 Rd8 15.Bd2 Qa7 
16.Bc3 Qc7 17.Qe1 Ra8 18.d4 g5 19.Nxe5 Bxe5 20.dxe5 Ng6 21.Nd3 Nf4 22.Qe3 
Nxd3 23.cxd3 Rg8 24.f4 gxf4 25.Rxf4 Kd7 26.Rh4 Kc8 27.Rxh6 Kb7 28.Rf1 Rg7 
29.Rf2 Rag8 30.Rhf6 Rh7 31.Kf1 Rhg7 32.R6f3 Qd8 33.Qd4 Qg5 34.Bd2 Qh4 35.
Bxa5 Ra8 36.Bb4 Rd8 37.Qe3 Rxd3 38.Qe1 Bc4 39.Kg1 Rxf3 40.Rxf3 Qg5 41.Qd2 
Qxe5 42.Qd7+ Qc7 43.Qxc7+ Kxc7 44.Kf2 Kd7 45.Rf6 Rg6 46.Rd6+ Ke7 47.g4 
Rf6+ 48.Ke3 Bf1 49.h4 Bg2 50.Rxf6 Kxf6 51.Kf4 Kg6 52.h5+ Kh7 53.g5 Bf1 54.
Ke5 Bg2 55.Bd2 Bf3 56.h6 Kg6 57.Be3 Bg2 58.Kf4 Bh1 59.Bd4 Bg2 60.Bf6 Bh1 
61.Ke3 Bg2 62.Kd3 Bf3 63.Kd4 Bh1 64.e5 Bd5 65.Kc3 Be6 66.Kb4 Bd5 67.Ka5 
Be4 68.Kb6 Bd5 69.Kc7 Be4 70.Kd6 Bd5 71.Ke7 Be6 72.Bg7 Bd5 73.Bf6 Kh7 74.
Kf8 Be6 75.Bg7 Bd5 76.Bf6 Be6 77.Ke7 Bc4 78.Bg7 Bb3 79.Kf6 Bd5 80.g6+ fxg6
81.e6 Bxe6 82.Kxe6 1-0

[Event "38th WCh U20 Girls"]
[Site "Cala Gonone ITA"]
[Date "2022.10.20"]
[Round "9.27"]
[White "Silvera, Pilar"]
[Black "Dejanovic, Tereza"]
[Result "1/2-1/2"]
[WhiteElo "1470"]
[BlackElo "1943"]
[EventDate "2022.10.12"]
[PlyCount "90"]

1.d4 d5 2.e3 e6 3.Bd3 Nf6 4.Nd2 Be7 5.f4 Nbd7 6.Ngf3 b6 7.O-O Bb7 8.b3 O-O
9.Bb2 Ne4 10.Qe2 a5 11.a4 Ndf6 12.Ne5 Bb4 13.Nxe4 Nxe4 14.Ba3 Bxa3 15.Rxa3
f6 16.Nf3 c5 17.Raa1 Qd6 18.Nd2 cxd4 19.exd4 Qb4 20.Nf3 Kh8 21.Rae1 Rfd8 
22.Kh1 Rac8 23.Rc1 Rc3 24.Rfe1 Rdc8 25.Nd2 Qxd4 26.Nxe4 dxe4 27.Bxe4 Bxe4 
28.Qxe4 Qxe4 29.Rxe4 Rxc2 30.Rce1 R8c6 31.Kg1 Rc1 32.Rxe6 Rxe1+ 33.Rxe1 
Kg8 34.Kf2 Kf7 35.Kf3 Rc2 36.Re2 Rc5 37.h3 h5 38.g4 g6 39.Re3 b5 40.axb5 
Rxb5 41.Ke2 Rb4 42.Kf3 Rb5 43.Kg3 Rd5 44.Kf3 Rb5 45.Kg3 Rd5 1/2-1/2

[Event "38th WCh U20 Girls"]
[Site "Cala Gonone ITA"]
[Date "2022.10.20"]
[Round "9.28"]
[White "Femil, Chelladurai"]
[Black "Shaw, Laurie Ann"]
[Result "0-1"]
[WhiteElo "1562"]
[BlackElo "1409"]
[EventDate "2022.10.12"]
[PlyCount "94"]

1.e4 c5 2.Nf3 Nc6 3.d4 cxd4 4.Nxd4 g6 5.Be3 Nf6 6.Nc3 Bg7 7.f3 Qb6 8.Ncb5 
Qa5+ 9.c3 a6 10.Na3 d5 11.Nxc6 bxc6 12.e5 Ng8 13.f4 Nh6 14.Qb3 Qc7 15.Bd3 
Rb8 16.Qc2 O-O 17.O-O-O c5 18.c4 Nf5 19.Bf2 Bh6 20.Qd2 Rd8 21.Bxf5 Bxf5 
22.cxd5 Rxd5 23.Qe3 Rxe5 24.Qf3 Re4 25.g3 Reb4 26.Rd2 Bg7 27.b3 Be4 28.Qd1
Qa5 29.Nc2 Bxh1 30.Nxb4 Qxb4 31.Rd8+ Rxd8 32.Qxd8+ Bf8 33.Qd2 Qxd2+ 34.
Kxd2 e6 35.Kc3 Bd5 36.a3 Bg7+ 37.Kc2 Be4+ 38.Kd2 Bd4 39.Be1 Bb2 40.a4 Ba3 
41.Bf2 Bb4+ 42.Kc1 Kg7 43.g4 h6 44.g5 hxg5 45.fxg5 Kf8 46.Bg3 Ke8 47.Be5 
Kd7 0-1

[Event "38th WCh U20 Girls"]
[Site "Cala Gonone ITA"]
[Date "2022.10.20"]
[Round "9.29"]
[White "Singgih, Diajeng Theresa"]
[Black "Gardiner, Noa Saxon"]
[Result "1-0"]
[WhiteElo "1991"]
[BlackElo "1266"]
[EventDate "2022.10.12"]
[PlyCount "67"]

1.e4 c6 2.d4 d5 3.Nc3 dxe4 4.Nxe4 Nd7 5.Nf3 Ngf6 6.Ng3 e6 7.Bd3 Bd6 8.O-O 
O-O 9.Re1 Qc7 10.Ne4 Nxe4 11.Bxe4 Nf6 12.Bd3 h6 13.Ne5 c5 14.c3 b6 15.Qf3 
Bb7 16.Qg3 Kh8 17.Qh4 Ng8 18.Bf4 f5 19.Ng6+ Kh7 20.Nxf8+ Rxf8 21.Bxd6 Qxd6
22.Qg3 Qd7 23.dxc5 Rf6 24.Qd6 Qf7 25.c6 e5 26.Bxf5+ Kh8 27.cxb7 Qxb7 28.
Qxe5 Qf7 29.Be6 Qf8 30.Bxg8 Qxg8 31.Rad1 Rf7 32.Rd6 Rf6 33.Rxf6 gxf6 34.
Qxf6+ 1-0